00410nam a2200157Ia 450000500170000000800410001704000190005804100120007708200130008910000200010224500600012226000340018230000100021665000160022685000100024220240524101107.0131103s9999 xx 000 0 und d aLoreto College aEnglish a510bSEA aSealey, L. G.W. aMathematics around usb book ' u II ' cL. G. W. Sealey aOxfordbBasil Blackwellc1965 a28p.  aMathematics aLCBED